Desafíos en la relación entre empresas recuperadas y movimiento sindical en Argentina y Uruguay /

Na minha lista:
Detalhes bibliográficos
Autor principal: Martí, Juan Pablo
Formato: Texto
Assuntos:
Tags: Adicionar Tag
Sem tags, seja o primeiro a adicionar uma tag!

MARC

LEADER 00000 a a2200000 04500
001 11840
003
040
100 |a Martí, Juan Pablo  
245 |a Desafíos en la relación entre empresas recuperadas y movimiento sindical en Argentina y Uruguay /  |c Juan Pablo Martí 
650 |a TRABAJADORES  
650 |a EMPRESAS  
650 |a SINDICATOS  
650 |a COOPERATIVAS  
650 |2 Macrothesaurus de la OCDE  
650 |a RECESION ECONOMICA  
650 |a ARGENTINA  
650 |a URUGUAY  
773 |g número 126; páginas 28-35  
999 |c 31790  |d 31790